000 00446nam a2200169Ia 4500
003 LK-CoDNM
005 20240724141910.0
008 010623t1923 xxu||||| |||| 00| 1 eng d
040 _aLK-CoDNM
_dLK-CoDNM
_eLK-CoDNM
041 _aeng
080 _a8
_bU17
100 _aSullivan,Louis.R.
245 _aEssentials of Anthropometry
260 _bAmerican Museum of natural History
_aNew York
_c1923
300 _b72p, ill. : 15 cm
942 _cBK
999 _c91487
_d91487